Trombinoscope - Brawl Stars - Statistiques

Statistiques générales
  • Ce quiz a été pris 248 fois
  • Le résultat moyen est 70 sur 93
Statistiques - réponses
Hint Réponse % Correct
El Costo
87%
Dynamike
86%
Nita
85%
Edgar
85%
Shelly
84%
Bull
84%
Poco
84%
Frank
84%
Mortis
84%
Spike
84%
Colt
83%
Brock
83%
Ricochet
83%
Béa
83%
Penny
82%
Pam
82%
Eliz@
82%
Corbac
82%
Bartaba
81%
Darryl
81%
Tick
81%
A.R.K.A.D.
81%
Polly
81%
D'Jinn
81%
Léon
81%
Rosa
80%
Carl
80%
Jacky
80%
Jessie
80%
Tara
80%
Emeri
80%
Billie
79%
Bo
79%
Squeak
79%
Max
79%
Surge
79%
Colette
78%
Gaël
78%
Larry & Lawrie
78%
Byron
78%
Monsieur M.
78%
Gus
77%
Nani
77%
Fang
77%
Médor
77%
Wally
77%
Kit
77%
Ambre
77%
Stu
76%
Ash
75%
Grom
75%
Gray
75%
Buzz
75%
Doug
74%
Cordelius
74%
Griff
73%
Angelo
73%
R-T
73%
Kenji
73%
Hank
72%
Maisie
72%
Mandy
72%
Mico
72%
Janet
72%
Lou
72%
Draco
72%
Meg
72%
Bonnie
71%
Sam
71%
Pearl
70%
Belle
70%
Otis
70%
Melody
70%
Chester
70%
Berry
69%
Lola
69%
Chuck
69%
Willow
69%
Buster
69%
Eve
69%
Meeple
68%
Lily
68%
Finx
65%
Jae-Yong
64%
Clancy
64%
Charlie
64%
Lumi
63%
Kaze
63%
Shade
63%
Moe
62%
Juju
62%
Alli
60%
Ollie
59%
Aucun quiz correspondant
Distribution des résultats
% des personnes avec chaque résultat
Percentile par nombre de réponses
Votre historique - résultats
Vous n’avez pas pris ce quiz